| 000 | 00826cab a2200181 4500 | ||
|---|---|---|---|
| 001 | ##L133593 | ||
| 008 | 060522n2006 000 0 eng u | ||
| 035 | _a(Sirsi) u133593 | ||
| 041 | 0 | _aeng | |
| 100 | 1 | _aWilliams, Andrew | |
| 245 | 0 | 2 | _aA den of innovation |
| 260 | _c2006 | ||
| 490 | 0 |
_aConstructing the Future _v(28) Summer 2006, 9-10(2) |
|
| 520 | _aBRE is launching an initiative that will enable the construction industry to access new innovations in a simple network-based programme of support and additional services. Know as the Innovation Den, it will provide members with general and targeted briefings and support on developments covering a range of issues, delivered through a programme of communications, events and themed sessions. | ||
| 590 | _aIKA230506 | ||
| 690 | _aBUILT ENVIRONMENT | ||
| 942 | _n0 | ||
| 999 |
_c77099 _d77099 |
||